Statistiche per Primi 15 paesi interessati da Covid-19 - 14 luglio

Clicka qui per fare il quiz!

Statistiche generali

  • Questo quiz è stato fatto 3 volte
  • Il punteggio medio è 12 su 25

Statistiche sulle risposte

nazione% Corretto
Brasile
100%
India
100%
Italia
100%
Messico
100%
Regno Unito
100%
Russia
100%
Spagna
100%
Stati Uniti
100%
Cile
67%
Cile
67%
Iran
67%
Sudafrica
67%
Turchia
67%
Pakistan
33%
Perù
33%
Svezia
33%
Arabia Saudita
0%
Armenia
0%
Bahrain
0%
Bielorussia
0%
Kuwait
0%
Oman
0%
Panama
0%
Qatar
0%
Singapore
0%

Distribuzione punteggi

Percentile per numero di risposta

Percentuale di utenti per punteggio

I tuoi punteggi nel tempo

Non hai fatto questo quiz